• 首页
  • 本馆介绍
  • 公告通知
  • 最新文献
  • 馆藏检索
  • 电子资源
  • 读者导购
  • 参考咨询
  • 我的图书馆
  • 登录
  • 详细信息显示
  • 放入我的书架
  • 预约/预借图书
  • 作者相关作品
  • 分类相关作品
  • 丛书相关作品
  • 出版社相关作品

书目信息

  • 表格格式
  • 工作单格式
  • 卡片格式
题名:
物联网RFID多领域应用解决方案
    
 
作者: 拉纳辛哈 , 盛权政 , 泽戴利 著 ;唐朝伟 , 邵艳清 , 王恒 译
分册:  
出版信息: 北京   机械工业出版社  2014
页数: 10,358页
开本: 24cm
丛书名: 国际信息工程先进技术译丛
单 册:
中图分类: TN911.23
科图分类:
主题词: 无线电信号--射频--信号识别--应用 , 无线电信号 , 射频 , 信号识别
电子资源:
ISBN: 978-7-111-43935-6
000 01649nam0 22003971 450
001 519
005 20140910085640.34
010    @a978-7-111-43935-6@dCNY89.00
100    @a20140114d2014 em y0chiy50 ea
101 1  @achi@ceng
102    @aCN@b110000
105    @aa z 000yy
106    @ar
200 1  @a物联网RFID多领域应用解决方案@AWu Lian Wang RFIDDuo Ling Yu Ying Yong Jie Jue Fang An@f(澳)Damith C. Ranasinghe,(澳)Quan Z. Sheng,(美)Sherali Zeadally著@F( Ao )Damith C. Ranasinghe,( Ao )Quan Z. Sheng,( Mei )Sherali Zeadally Zhu@g唐朝伟,邵艳清,王恒译
210    @a北京@c机械工业出版社@d2014
215    @a10,358页@c图@d24cm
225 2  @a国际信息工程先进技术译丛
305    @a由Springer授权出版
312    @a封面英文题名:Unique radio innovation for the 21st century
330    @a本书汇集了RFID应用领域中诸多世界知名专家最先进的研究成果,包括网络化RFID系统的安全、极低成本RFID标签的制造、可扩展的RFID应用全球信息架构和系统等领域。
461  0 @12001 @a国际信息工程先进技术译丛
510 1  @aUnique radio innovation for the 21st century@zeng
606 0  @a无线电信号@x射频@x信号识别@x应用
606 0  @a无线电信号
606 0  @a射频
606 0  @a信号识别
610 0  @aRFID
690    @aTN911.23@v5
701  0 @g(澳)@a拉纳辛哈@ALa Na Xin Ha@g(Ranasinghe, Damith C.)@4著
701  0 @g(澳)@a盛权政@ASheng Quan Zheng@4著
701  0 @g(美)@a泽戴利@AZe Dai Li@g(Zeadally, Sherali)@4著
702  0 @a唐朝伟@ATang Chao Wei@f(1966~)@4译
702  0 @a邵艳清@AShao Yan Qing@g(女,@f1982~)@4译
702  0 @a王恒@AWang Heng@g(无线电)@4译
801  0 @aCN@bTANGWEI@c20140603
905    @b0836661-63@dTN911.23@e133@f3
    
    物联网RFID多领域应用解决方案/(澳)Damith C. Ranasinghe,(澳)Quan Z. Sheng,(美)Sherali Zeadally著/唐朝伟,邵艳清,王恒译.-北京:机械工业出版社,2014
    10,358页:图;24cm.-(国际信息工程先进技术译丛)
    
    
    ISBN 978-7-111-43935-6:CNY89.00
    本书汇集了RFID应用领域中诸多世界知名专家最先进的研究成果,包括网络化RFID系统的安全、极低成本RFID标签的制造、可扩展的RFID应用全球信息架构和系统等领域。
●
相关链接 在E读中查询图书 在五车中查询图书 在当当中查询图书 在豆瓣中查询图书


正题名:物联网RFID多领域应用解决方案     索取号:TN911.23/133         预约/预借

序号 登录号 条形码 馆藏地/架位号 状态 备注
1 0836661   208366613   第二样本阅览室/ [索取号:TN911.23/133] 在馆    
2 0836662   208366622   第三借阅区/ [索取号:TN911.23/133] 在馆    
3 0836663   208366631   密集书库—计算机科学学院/ [索取号:TN911.23/133] 在馆    
唐山师范学院图书馆 欢迎您!
大连网信软件有限公司© 版权所有